Toponymický návod pre vydavateľov kartografických a iných diel

Bibliographic Details
Other Authors: Kováčová, Mária (Collaborator), Majtán, Milan, 1934-2018 (Collaborator), Považaj, Matej, 1942- (Collaborator)
Format: Book
Language:Slovak
English
PhysicalDescription:50 s. 22 cm
Published: Bratislava Úrad geodézie, kartografie a katastra SR 1999
ISBN:8085672413
Edition:3. preprac. vyd
Series:Geografické názvoslovné zoznamy OSN Slovenskej republiky
Subjects:

MARC

LEADER 00000cam a2200000 a 4500
001 vtls001375171
003 SK-MaSNL
005 20260302034308.0
008 251201s1999 xo 000 0 slo
020 |a 8085672413  |q (brož.) 
035 |a SNK000329072 
035 |a urn:nbn:sk:snk-amk6ay 
035 |a urn:nbn:sk:snk-am004os4 
035 |a 7061399E-2979-4776-A25E-3D956925CB3D 
040 |a SNK  |b slo  |c SNK  |e AACR2 
041 1 |a slo  |a eng 
044 |a xo  |c SK 
072 7 |a 81  |x Lingvistika. Jazyky  |2 konspekt 
245 0 0 |a Toponymický návod pre vydavateľov kartografických a iných diel  |c [spracovatelia Mária Kováčová, Milan Majtán, Matej Považaj] 
246 3 1 |a Toponymic guidelines for map and other editors 
250 |a 3. preprac. vyd 
260 |a Bratislava  |b Úrad geodézie, kartografie a katastra SR  |c 1999 
300 |a 50 s.  |c 22 cm 
490 1 |a Geografické názvoslovné zoznamy OSN Slovenskej republiky  |v C7 
546 |a Súbežný text anglicky 
546 |a Súbežný názov anglicky 
650 0 7 |a toponymá  |2 SNKPH  |9 90084 
650 0 7 |a toponymia  |2 SNKPH  |9 77816 
650 0 7 |a Toponyms  |2 SNKPHeng  |9 328778 
650 0 7 |a Toponymy  |2 SNKPHeng  |9 328779 
655 7 |a príručky  |2 SNK  |9 74364 
655 7 |a Handbooks, manuals, etc.  |2 SNKPHeng  |9 90964 
700 1 |a Kováčová, Mária  |4 clb  |9 303400 
700 1 |a Majtán, Milan,  |d 1934-2018  |4 clb  |9 101907 
700 1 |a Považaj, Matej,  |d 1942-  |4 clb  |9 86590 
830 0 |a Geografické názvoslovné zoznamy OSN Slovenskej republiky  |9 277896 
852 |a Štátna vedecká knižnica v Banskej Bystrici 
919 |a 80-85672-41-3 
999 |c 1065645  |d 1067575 
952 |t P60, <03>, [BOOK], {603}  |a SNK  |b SNK  |y PREZ  |7 0  |p 17A0214706  |o snkSC 99900  |i snkKSP 10388/99  |0 0  |1 0  |4 0  |d 1999-10-22  |f 1  |l 0  |r 2025-09-19 00:00:00  |w 2026-02-24 
952 |t P60, <09>, [BOOK], {629}  |a SNK  |b SNK  |y NEVYP  |7 0  |o snkC 68  |i snk117/20000125  |0 0  |1 0  |4 0  |d 2000-01-24  |l 0  |r 2005-01-02 00:00:00  |w 2026-02-24 
952 |t P60, <04>, [BOOK], {604}  |a SNK  |b SNK  |y VYP  |7 0  |p 17A0224941  |o snkSC 99900 D1  |i snkKSP 894/2000  |0 0  |1 0  |4 0  |d 2000-01-24  |l 0  |r 2005-01-02 00:00:00  |w 2026-02-24